| 000 | 00588nam a2200217Ia 4500 | ||
|---|---|---|---|
| 999 |
_c45444 _d45444 |
||
| 001 | 12268 | ||
| 003 | GE_BSU | ||
| 005 | 20221121105833.0 | ||
| 008 | 181216s2014||||enk|||||||||||||| ||eng|| | ||
| 020 | _a9780521612883x | ||
| 040 | _cGE_BSU | ||
| 041 | _aeng | ||
| 080 | _a811.111 H-88 | ||
| 100 |
_aHuddleston, Rodney _915927 |
||
| 245 | 2 |
_aA students introduction to English Grammar / _cRodney Huddleston. |
|
| 264 |
_aCambridge, _c2014. |
||
| 300 |
_a311 p.; _b24 cm. |
||
| 653 | _aგრამატიკა | ||
| 653 | _aინგლისური ენა | ||
| 942 |
_cBK _2udc |
||